Company risk in the view of company's capital structure

Podmienky pre možnosti merania a kontroly rizika. Úrovne akceptácie existencie rizika.

Uložené v:
Podrobná bibliografia
Hlavný autor: Hocman, František, 1983-
Médium: Kapitola
Jazyk:English
Predmet:
Tagy: Pridať tag
Žiadne tagy, Buďte prvý, kto otaguje tento záznam!

MARC

LEADER 00000naa$a2200000$$$4500
001 0197147
005 20240502083501.6
041 0 |a eng 
044 |a UA 
245 1 0 |a Company risk in the view of company's capital structure  |c František Hocman 
520 |a Podmienky pre možnosti merania a kontroly rizika. Úrovne akceptácie existencie rizika. 
610 2 0 |a riziko podnikateľské 
610 2 0 |a meranie 
610 2 0 |a štruktúra kapitálová 
610 2 0 |a analýza kvalitatívna 
610 2 0 |a analýza kvantitatívna 
100 1 |a Hocman, František, 1983-